Statistics for The Eleven Colors

Click here to take the quiz!

General Stats

  • This quiz has been taken 114,215 times
    (76,302 since last reset)
  • The average score is 10 of 11

Answer Stats

Color% Correct
Blue
99%
Green
99%
Red
99%
Yellow
99%
Black
96%
Orange
95%
Purple
95%
White
94%
Pink
85%
Brown
74%
Gray/Grey
69%

Score Distribution

Percentile by Number Answered

Percent of People with Each Score

Your Score History

You have not taken this quiz since the last reset